[Event "Dresden zt 1.2"]
[Site "Dresden"]
[Date "1998.04.28"]
[Round "1"]
[White "Mohr, Georg"]
[Black "Lutz, Christopher"]
[Result "1/2-1/2"]
[WhiteElo "2455"]
[BlackElo "2595"]
[Annotator "Har Zvi,R"]
[PlyCount "54"]
[EventDate "1998.04.28"]
[EventType "swiss"]
[EventRounds "11"]
[EventCountry "GER"]
[SourceTitle "CBM 065"]
[Source "ChessBase"]
[SourceDate "1998.08.06"]
[SourceVersion "1"]
[SourceVersionDate "1998.08.06"]
[SourceQuality "1"]

1. e4 c5 2. Nf3 d6 3. c3 Nf6 4. Be2 g6 5. O-O Bg7 6. Re1 O-O 7. Bf1 Nc6 8. a3
e5 (8... Bg4 9. h3 Bxf3 (9... Bd7 10. b4 cxb4 11. axb4 a6 12. d4 e5 13. d5 Ne7
14. c4 Rc8 15. Nc3 Nh5 16. Qb3 Kh8 17. b5 Ra8 18. Ba3 Nc8 19. c5 $16 {Torre,
E-Regis,I/ Makati op 1995/ 1-0 (46)}) 10. Qxf3 Nd7 11. Qd1 (11. d3 Rb8 12. Be3
b5 13. Nd2 a5 14. Rec1 Nb6 (14... b4 $5) 15. Qe2 Na4 16. Nf3 d5 17. Bf4 Rb7 18.
e5 d4 19. Qe4 Qd7 20. Rc2 $13 {Brestian,E-Wittmann,W/ AUT-ch 1997}) 11... Rb8
12. a4 a6 13. Na3 Qc7 14. d3 b5 15. axb5 axb5 16. d4 cxd4 17. Nxb5 Qb6 18. cxd4
Nxd4 19. Be3 $14 {Torre,E-De Firmian,N/ Biel 1989/ 1/2-1/2 (41)}) (8... Ne8 9.
h3 e5 10. b4 Nc7 11. bxc5 dxc5 12. a4 Kh8 13. Bc4 Be6 14. Na3 Qd7 15. Ng5 Bxc4
16. Nxc4 Rad8 17. Qg4 Qe7 18. Qh4 h5 19. Nf3 Bf6 20. Qg3 Qe6 $13 {Torre,
E-Shirov,A/ Manila izt 1990/ 1/2-1/2 (81)}) 9. b4 h6 (9... a6 10. d3 h6 11.
Nbd2 Be6 12. Rb1 Qc7 13. h3 Rad8 14. Qc2 Nh5 $132 {Drazic,S-Lagrotteria,S/
Cattolica 1993}) 10. Bb2 Be6 11. d3 (11. d4 $5 exd4 12. cxd4 Nd7 (12... cxd4
13. Nxd4 $14) 13. Qd2 cxd4 14. b5 Nce5 15. Nxd4 Nb6 $132) 11... Qb6 12. Bc1 {
If you play this move it means something was wrong. It's impossible to play
Bb2-c1 at move 12 when you have the white pieces, black is at least OK.} (12.
Nbd2 $6 a5 $1 {[%csl Rb4]}) (12. Qc2 Rac8 13. bxc5 Qxc5 $13 (13... dxc5 14.
Nbd2 Qc7 $13)) 12... Rfd8 (12... a5 $5 13. bxc5 (13. b5 Qxb5 14. d4 Bc4 $8 $17)
13... dxc5 (13... Qxc5 14. Be3 Qb5 15. Qc1 $132)) 13. Nbd2 d5 $1 14. exd5 (14.
Qc2 cxb4 (14... Rac8 15. exd5 Bxd5 $13 (15... Nxd5 $6 16. Nc4)) 15. axb4 Ng4
16. Re2 d4 $36) (14. Rb1 $5) 14... Nxd5 15. bxc5 $6 (15. Bb2 $142 $1 $13) 15...
Qxc5 16. Ne4 (16. Bb2 $2 Nxc3 17. Qc1 (17. Qc2 Ne2+) 17... Na4 $17) (16. c4 Nf4
17. Ne4 Qe7 $15 {[%csl Rd3,Gd4][%cal Gd8d1]}) 16... Qf8 17. c4 Nde7 {[%cal
Ge7f5,Gf5d4]} (17... Nb6 $5 {[%cal Gf7f5,Gb6d7,Gd7c5]} 18. Qc2 (18. Qb3) 18...
f5 19. Ng3 (19. Nc3 Nd7 $1 $15 {[%csl Rd3][%cal Gd7c5]}) 19... Nd7 20. Bb2 Qd6
$15) 18. Rb1 b6 19. Ned2 $5 Nf5 20. Bb2 Nfd4 (20... f6 $5 $15 {This seems as a
very solid move, very much with Lutz style. White's weaknesses do not run away,
while black first defends everything and only then starts to play actively. I
think black's position is a very pleasent one to play.}) 21. Nxd4 Nxd4 22. Nb3
Nc6 (22... Nxb3 23. Qxb3 Qd6 (23... f6 $2 24. d4) 24. Qb4 Qc7 (24... f6 $15)
25. Qb5 $5 f6 (25... Bf5 26. Rbd1 (26. Bxe5 Bxe5 27. Qxe5 (27. Rxe5 Bxd3 28.
Bxd3 Rxd3 $15) 27... Qxe5 28. Rxe5 Bxd3 $15) 26... Re8 $140 $15 27. d4 a6 {
[%csl Rd4]}) 26. d4 a6 27. Qb3 $14) 23. Qc2 $15 Rac8 24. Rbd1 b5 25. Nd2 bxc4 (
25... Nd4 $142 $5 26. Bxd4 (26. Qb1 bxc4 27. Nxc4 (27. dxc4) 27... f6 {[%csl
Rd3]}) 26... Rxd4 $15 {/-/+}) 26. Nxc4 Nd4 27. Qa4 Bxc4 (27... Bxc4 28. dxc4
Qc5 29. Bc3 $13) (27... Qe7 $5 $15 {This is the way if you want to play for a
win.}) 1/2-1/2

[Event "Dresden zt 1.2"]
[Site "Dresden"]
[Date "1998.05.07"]
[Round "9"]
[White "Mohr, Georg"]
[Black "Rogic, Davor"]
[Result "0-1"]
[WhiteElo "2455"]
[BlackElo "2445"]
[Annotator "Har Zvi,R"]
[PlyCount "92"]
[EventDate "1998.04.28"]
[EventType "swiss"]
[EventRounds "11"]
[EventCountry "GER"]
[SourceTitle "CBM 065"]
[Source "ChessBase"]
[SourceDate "1998.08.06"]
[SourceVersion "1"]
[SourceVersionDate "1998.08.06"]
[SourceQuality "1"]

1. Nf3 c5 2. e4 d6 3. c3 Nf6 4. Be2 Bd7 5. d3 g6 (5... Bc6 6. O-O Nbd7 7. Nbd2
(7. b4 b6 8. Bg5 e5 9. d4 $5 Bxe4 10. bxc5 bxc5 11. dxe5 dxe5 12. Qa4 Qc7 13.
Na3 a6 14. Nxe5 Qxe5 15. Bxf6 gxf6 16. Rad1 Rd8 17. Rfe1 Be7 18. Bd3 f5 19.
Bxe4 fxe4 20. Rxe4 Qxc3 21. Rde1 O-O 22. Rxe7 Nf6 23. R7e3 Qd4 24. Qc2 $16 {
0-1 Hodgson,J-Sher,M/Biel op 1992/EXP 31 (55)}) 7... e6 8. Re1 Be7 9. Bf1 O-O
10. d4 cxd4 11. Nxd4 Qc7 12. Nxc6 bxc6 13. Bd3 d5 14. Bc2 Bd6 15. Nf3 Ne5 16.
h3 Rab8 17. b3 h6 18. Bb2 Nxf3+ 19. Qxf3 Bh2+ 20. Kh1 Be5 $15 {0-1 Nevednichy,
B-Anastasian,A/Pavlodar 1987/EXT 87 (58)}) (5... Nc6 6. O-O g6 (6... e6 7. Re1
Be7 8. Bf1 Rc8 9. a3 O-O 10. b4 e5 11. h3 a6 12. Nbd2 b5 13. Nb3 Qc7 14. Bg5
Nd8 15. d4 Ne6 $1 16. Bxf6 Bxf6 17. bxc5 dxc5 18. dxe5 Be7 19. c4 Bc6 20. Qc2
Rfd8 21. Red1 Rxd1 22. Rxd1 b4 23. Ra1 a5 $17 {0-1 Izeta Txabarri,F-Ubilava,E/
Pamplona op 1990/EXT 90op (45)}) (6... Rc8 7. Re1 g6 8. Bg5 Bg7 9. Nbd2 h6 10.
Bh4 O-O 11. d4 cxd4 12. Nxd4 Re8 13. Bf1 a6 14. Nc2 Be6 15. Ne3 b5 $132 {
1/2-1/2 De la Riva,O-Spraggett,K/Barcelona 1993/EXT 93 (26)}) 7. h3 (7. Nbd2
Bg7 8. d4 cxd4 9. cxd4 O-O 10. h3 d5 11. e5 Ne8 (11... Ne4) 12. Nb1 $1 Nc7 13.
Nc3 b5 14. Be3 Na5 15. Bd3 Rb8 16. Ne2 b4 17. Nf4 Bb5 18. h4 $36 {1-0
Kindermann,S-Tatai,S/Texta 1988/CBM 09 (34)}) 7... Bg7 8. Be3 O-O 9. Nbd2 e5
10. Nh2 h6 11. f4 exf4 12. Rxf4 Qe7 {1/2-1/2 Nun,J-Vokac,M/CSR-ch 1988/EXT 88ch
}) (5... e5 6. O-O Be7 7. Re1 O-O 8. Bf1 Nc6 9. h3 Rc8 10. a3 Re8 11. b4 b5 12.
Bb2 Qb6 13. d4 exd4 14. cxd4 cxb4 15. d5 Ne5 16. axb4 Nxf3+ 17. Qxf3 Rc2 18.
Ra2 Bd8 19. Bd3 $14 {1/2-1/2 Malaniuk,V-Dorfman,J/URS Cup rapid 1988/EXT 88 
(34)}) 6. O-O Bg7 7. Nbd2 O-O 8. a3 (8. d4 $5 {this move must be tested here,
since the way white played this game on the Queen's side with a3 -b4 and black
simply broke in the center turns out to be very good for black,a play in the
center seems very important here}) 8... Nc6 9. Ne1 $6 {it's clear white wants
to play "f4" but what if black decides to play "e5"??? I am have no answer,
white is just going to wrong way back insted of forward!!} (9. b4) 9... e5 10.
b4 Qe7 11. Rb1 b6 12. Nc2 (12. b5 Nd8 {[%cal Gd8e6,Gd6d5] the same as was in
the game}) 12... Nd8 {an interesting idea,black wants first to transfer his
knight to "e6" and only then play "d5",it's not a bad idea since on "e6" the
knight is quite good,but still it was possible to play "d5" now} (12... d5 $5)
13. Nc4 d5 14. exd5 Nxd5 15. Bd2 $6 {it may seems very strange but I think
that the bishop should go to "b2" since in some variations when and one day it
might the diagonal a1-h8 will be open for this bishop he will have great
effect on the game,and in addition the "d3" pawn is protected when the bishop
is on "b2"} (15. Bb2 Ne6 16. Bf3 Bc6 17. Re1 (17. N2e3 Nxe3 18. Nxe3 Qb7 19.
Bxc6 Qxc6 $15 {[%csl Rd3]}) 17... Ng5 $5 (17... Qc7 18. bxc5 Nxc5 19. Nb4 e4
20. Nxc6 Qxc6 21. dxe4 Nxc3 22. Bxc3 Bxc3 23. e5 Qc7 $13 (23... Qe6 $2 24. Bd5)
) 18. Bxd5 Bxd5 19. N2e3 $13) 15... Rc8 (15... Ne6 $5 16. Bf3 Bc6 17. Re1 (17.
bxc5 Nxc5 18. d4 exd4 19. Re1 Qc7 $132) 17... Qc7 $13) 16. b5 (16. Bf3 Nf4 17.
Bxf4 exf4 18. Re1 Be6 $36) 16... Ne6 17. Re1 (17. Bf3 e4 18. dxe4 Nxc3 19. Bxc3
Bxc3 20. N2e3) 17... e4 18. N2e3 (18. dxe4 $6 Nxc3 19. Bxc3 Bxc3 20. Rf1 Rcd8
$17) 18... Nxe3 (18... Nxc3 $4 19. Bxc3 Bxc3 20. Nd5 $18 {[%csl Rc3,Re7]}) 19.
fxe3 $4 {a terrible move,I can not understand how a player about 2450 can play
such move?? really many players make serious mistakes,many GM lost winning
positions in one move but this is just a very serious one when I have no
explanation at all,how can you sleep well with such bishop on "d2"??? with
such pawn sturcture after exd3 by black on the next move,do not ask me!} (19.
Nxe3 exd3 (19... Nf4 20. Nf1 $1) 20. Bxd3 Rcd8 {when black is atleast OK})
19... exd3 20. Bxd3 Rcd8 $17 {/-+} 21. Qc2 $2 {and after a strategical mistake,
there must come a tactical one!but to be honest white's position is so
difficult that I think it does not matter a thing} (21. Bf1 Ng5 {[%cal Gg5e4]})
{[%tqu "En","black's position is so good but still find something that will
decide things quick","","","d7b5","",6]} 21... Bxb5 $1 22. Rxb5 Qd7 23. Nb2 c4
24. Bxc4 Qxd2 25. Qxd2 Rxd2 26. Na4 (26. Bxe6 fxe6 27. Nc4 Rc2 $19 {[%cal
Gf8f2]}) (26. Rd1 Rfd8 27. Rxd2 Rxd2 28. Na4 Bf8 {[%csl Ra3]}) 26... Rfd8 27.
Rbb1 (27. Re2 Rd1+ 28. Kf2 Ra1 29. Ba2 Bf8 $17) 27... Bf8 28. Ra1 (28. Rb3 Rc2
29. Kf1 Rdd2 30. Re2 Rd1+ 31. Kf2 Rcc1) 28... Nc7 $1 $19 {[%cal Gb6b5] the
game is over,the rest is quite forced and there is not alot to see there} 29.
Rab1 Bxa3 30. Bf1 b5 (30... Be7 $19) 31. Bxb5 Nxb5 32. Rxb5 Ra2 {[%csl Ra4]
[%cal Gd8d2]} 33. Kh1 Rdd2 34. Rg1 Bf8 35. Ra5 (35. Nc5 Rd5 $19) 35... Ra3 {
[%cal Gd2a2]} 36. Rxa7 Rda2 37. Rf1 f5 38. g4 Rxa4 39. Rxa4 Rxa4 40. gxf5 Re4
41. fxg6 hxg6 42. Re1 Bc5 43. Kg2 Rxe3 44. Rxe3 Bxe3 45. Kf3 Bg1 46. h4 Kg7 0-1

[Event "Manhattan March Int"]
[Site "New York"]
[Date "1999.03.06"]
[Round "2"]
[White "Shahade, Gregory P"]
[Black "Ashley, Maurice"]
[Result "1-0"]
[WhiteElo "2386"]
[BlackElo "2473"]
[Annotator "Hecht,H"]
[PlyCount "93"]
[EventDate "1999.03.05"]
[EventType "tourn"]
[EventRounds "9"]
[EventCountry "USA"]
[EventCategory "10"]
[SourceTitle "CBM 070"]
[Source "ChessBase"]
[SourceDate "1999.06.08"]
[SourceVersion "1"]
[SourceVersionDate "1999.06.08"]
[SourceQuality "1"]

1. e4 c5 2. Nf3 d6 3. c3 Nf6 4. Be2 g6 5. O-O Bg7 6. Bb5+ Bd7 7. Bxd7+ Nfxd7 8.
d4 O-O 9. Be3 Qb6 10. Qd2 Nf6 11. e5 dxe5 12. dxe5 Ng4 13. Bf4 Nc6 14. Re1 Rad8
15. Qc1 c4 16. Re2 Qc5 17. Na3 Rd5 18. Be3 Nxe3 19. Qxe3 Qxe3 20. Rxe3 Nxe5 21.
Nxe5 Bxe5 22. Nxc4 Bf6 23. Ree1 b5 24. Ne3 Rd2 25. Reb1 Rc8 26. a4 b4 27. cxb4
Bd4 28. Rd1 Bxe3 29. fxe3 Rxb2 30. Rab1 Re2 31. Re1 Ra2 32. Ra1 Rcc2 33. Rxa2
Rxa2 34. a5 Rb2 35. Rc1 Rxb4 36. Rc7 Re4 37. Kf2 a6 38. Rc6 Re6 39. Rxe6 fxe6 {
[#]} 40. Kf3 Kf7 41. Ke4 Kf6 (41... Ke8 42. Ke5 Kd7 43. h4 h6 44. g4 Kd8 45.
Kxe6 Ke8 46. e4 Kd8 47. Kf7 Kd7 48. e5 $18) 42. Kd4 Kf5 43. Kc5 Ke5 44. Kc6 $1
{kämpft um ein Tempo, das er, wie es scheint, nicht braucht.} (44. Kb6 Kd6 45.
Kxa6 Kc6 46. Ka7 Kc7 47. e4 e5 48. g3 h5 49. h4 e6 50. a6 $18) 44... g5 45. g4
(45. Kb6 Kd6 46. Kxa6 Kc6 47. e4 e5 48. g4 h6 49. h3 e6 50. Ka7 Kc7 51. a6 $18)
45... Ke4 46. Kb6 Kd5 47. e4+ {mit Schach, worauf es ankommen sollte!} (47. e4+
Kd6 48. e5+ Kd7 49. Kxa6 Kc6 (49... Kc7 50. Kb5 Kb7 51. a6+ Kc7 52. Kc5 Kb8 53.
Kb6 Ka8 54. a7 h6 55. h3 h5 56. gxh5 g4 57. h6 g3 58. h7 g2 59. h8=Q#) 50. Ka7
Kc7 51. a6 h6 52. h3 Kc8 53. Kb6 Kb8 54. a7+ Ka8 55. Ka6 h5 56. gxh5 $18) 1-0

[Event "Linares 19th"]
[Site "Linares"]
[Date "2002.03.09"]
[Round "13"]
[White "Vallejo Pons, Francisco"]
[Black "Shirov, Alexei"]
[Result "1-0"]
[WhiteElo "2629"]
[BlackElo "2715"]
[Annotator "Hecht,H"]
[PlyCount "107"]
[EventDate "2002.02.22"]
[EventType "tourn"]
[EventRounds "14"]
[EventCountry "ESP"]
[EventCategory "20"]
[SourceTitle "CBM 088"]
[Source "ChessBase"]
[SourceDate "2002.03.21"]
[SourceVersion "1"]
[SourceVersionDate "2002.03.21"]
[SourceQuality "1"]

1. e4 c5 2. Nf3 d6 3. Bc4 Nf6 4. d3 e6 5. Bb3 Be7 6. O-O O-O 7. c3 Nc6 8. Re1
b5 9. Nbd2 d5 10. e5 Nd7 11. d4 Ba6 12. Nf1 b4 13. Ba4 Rc8 14. Bxc6 Rxc6 15.
cxb4 Bxf1 16. Rxf1 cxb4 17. Be3 Qa5 18. g3 Rfc8 19. Ne1 Qb5 20. h4 a5 21. b3 a4
22. Nd3 Rc3 23. Nf4 Nf8 24. Qg4 Qd7 25. h5 axb3 26. axb3 Rxb3 27. h6 g6 28. Nh3
Rbc3 29. Bg5 b3 30. Rfb1 Rb8 31. Kg2 Rc7 32. Rb2 Bxg5 33. Qxg5 Qe7 34. Qe3 Qb4
35. Qf4 Qe7 36. Qf3 Rcb7 37. Rab1 Nd7 38. Rxb3 Rxb3 39. Rxb3 Qf8 40. Rxb8 Nxb8
41. Ng5 {[%csl Rf7,Rh7] [#] aktive weiße gegen passive schwarze Figuren bei
starkem Raumvorteil aber festungsähnlicher schwarzer Position.} Nd7 42. Qf4 Qe7
43. Qc1 Qd8 (43... f6 44. Qc8+ Nf8 45. exf6 Qxf6 46. Qc7 Kh8 47. f4 Kg8 48. Kf3
Kh8 49. Qf7 Qxf7 50. Nxf7+ Kg8 51. Ne5 $18) 44. Nf3 (44. f4 $5) 44... Kf8 45.
Ng5 Kg8 46. Nf3 Kf8 47. Kg1 Qb8 $2 (47... Kg8 $1 {h7 soll vom König gedeckt
werden.}) 48. Qa3+ Ke8 (48... Kg8 49. Qe7 $18) 49. Ng5 Nf8 (49... Qb1+ 50. Kg2
Qf5 51. Nxh7 Qe4+ (51... g5 52. Nf6+ Nxf6 53. exf6 Qxf6 54. Qa8+ Kd7 55. h7 $18
) 52. Qf3 $18) 50. Qa4+ Ke7 51. Kg2 Qb7 52. Qa3+ Ke8 53. Qf3 Qe7 54. Qf6 $22 {
[%csl Rf7,Rh7]} 1-0

[Event "Tel Aviv"]
[Site "Tel Aviv"]
[Date "2001.02.27"]
[Round "8"]
[White "Van Mil, Johan"]
[Black "Greenfeld, Alon"]
[Result "1-0"]
[WhiteElo "2421"]
[BlackElo "2570"]
[Annotator "Hecht,H"]
[PlyCount "107"]
[EventDate "2001.02.20"]
[EventType "tourn"]
[EventRounds "9"]
[EventCountry "ISR"]
[EventCategory "9"]
[SourceTitle "CBM 082"]
[Source "ChessBase"]
[SourceDate "2001.05.17"]
[SourceVersion "1"]
[SourceVersionDate "2001.05.17"]
[SourceQuality "1"]

1. e4 c5 2. Nf3 d6 3. Bc4 Nf6 4. d3 Nc6 5. c3 g6 6. O-O Bg7 7. Re1 O-O 8. Bb3
b5 9. h3 b4 10. d4 bxc3 11. bxc3 d5 12. dxc5 dxe4 13. Qxd8 Nxd8 14. Ng5 Bb7 15.
Bc2 Rc8 16. Nxe4 Nxe4 17. Bxe4 Bxe4 18. Rxe4 Ne6 19. Be3 Bf6 20. Rc4 Rfd8 21.
Na3 Rd3 22. Rc1 a6 23. Nc2 a5 24. Na1 Nd8 25. Kf1 Nc6 26. Ke2 Rd7 27. Nb3 Kf8
28. Nd4 Bxd4 29. cxd4 Rcd8 30. R1c2 Rxd4 31. Bxd4 Nxd4+ 32. Rxd4 Rxd4 33. c6
Rd8 34. Rc5 Rc8 35. Kd3 Ke8 36. Kc4 Kd8 37. c7+ Kd7 38. a4 e5 39. Kb5 Rxc7 40.
Rxc7+ Kxc7 {[#] Klarer Gewinn für Weiß. Motiv: Entfernter weißer Freibauer;
Tempofragen} 41. Kxa5 e4 42. g4 f5 43. gxf5 gxf5 44. Kb5 f4 45. Kc4 Kb6 46. Kd4
e3 47. fxe3 f3 (47... fxe3 48. Kxe3 Ka5 $18 {weil Weiß nach 4 Zügen auf h7
genommen hat und der schwarze König dann erst auf d7 steht.}) 48. Kd3 Ka5 49.
e4 Kxa4 50. Ke3 Kb5 51. Kxf3 Kc6 52. Kf4 Kd6 53. Kf5 Ke7 54. Kg5 (54. Kg5 Kf7
55. Kh6 Kg8 56. h4 Kh8 57. h5 Kg8 58. e5 Kh8 59. e6 Kg8 60. e7 Kf7 61. Kxh7
Kxe7 62. Kg7 $18) 1-0

[Event "Guillermo Garcia Memorial-A 06th"]
[Site "Santa Clara"]
[Date "1998.05.28"]
[Round "4"]
[White "Becerra Rivero, Julio"]
[Black "Herrera, Irisberto"]
[Result "1/2-1/2"]
[WhiteElo "2465"]
[BlackElo "2445"]
[Annotator "Hecht,H"]
[PlyCount "145"]
[EventDate "1998.05.24"]
[EventType "tourn"]
[EventRounds "13"]
[EventCountry "CUB"]
[EventCategory "9"]
[SourceTitle "CBM 066"]
[Source "ChessBase"]
[SourceDate "1998.09.30"]
[SourceVersion "1"]
[SourceVersionDate "1998.09.30"]
[SourceQuality "1"]

1. e4 c5 2. Nf3 d6 3. c3 Nf6 4. Be2 g6 5. O-O Bg7 6. Re1 Nc6 7. Bf1 O-O 8. a3
a5 9. h3 e5 10. d3 d5 11. Bg5 dxe4 12. Bxf6 Qxf6 13. dxe4 Rd8 14. Qe2 a4 15.
Qe3 Na5 16. Nbd2 b6 17. Nc4 Nxc4 18. Bxc4 Be6 19. Qe2 Bxc4 20. Qxc4 Qc6 21.
Rad1 b5 22. Qe2 c4 23. Nh2 h5 24. Qf3 Qf6 25. Nf1 Qxf3 26. gxf3 Bf6 27. Ne3
Rxd1 28. Rxd1 Rd8 29. Nd5 Kg7 30. Kf1 Rd7 31. Ke2 Bd8 32. Rg1 Rd6 33. f4 exf4
34. Nxf4 Kf6 35. Nd5+ Ke6 36. f4 Kd7 37. Kf3 Ke6 38. Rg2 Rd7 39. Ke2 Rd6 40.
Rg3 Rd7 41. Nb4 Bc7 42. Rf3 f5 43. e5 g5 44. fxg5 Bxe5 45. Nc6 f4 46. h4 Kd5
47. Nxe5 Kxe5 48. Rf1 Ke4 49. g6 Rd3 50. Rg1 f3+ 51. Ke1 Ke3 52. Rg3 Rd8 53. g7
Rg8 54. Rg5 Kd3 55. Kf2 Kc2 56. Rxh5 Rxg7 57. Rxb5 Rf7 58. h5 Rf6 59. Rb4 Rf4
60. h6 Rh4 61. Kxf3 Rxh6 62. Ke4 Rd6 63. Ke5 Rd3 64. Ke4 Rd8 65. Rxa4 Kxb2 66.
Rxc4 Kxa3 {[#] Der schwarze König ist zwar horizontal abgeschnitten, doch
steht er auf der" kurzen" Seite, was auch bei einem weiter vorgerückten weißen
c-Bauer das Remis verbürgt. Schwarz bringt am einfachsten seinen Turm auf die
"lange" Seite und gibt von dort aus Schachs.} 67. Rd4 Rc8 68. Kd3 Rc7 69. Rd5
Kb3 $6 (69... Ka4 70. c4 Rh7 $1 {[%cal Rh7h3]} 71. Kd4 Rh4+ 72. Kc5 Ka5 $11)
70. Rb5+ Ka4 71. c4 Rc8 72. Kd4 Rd8+ 73. Rd5 {Obwohl Weiß eine Reihe
vorangekommen ist, gibt er plötzlich remis; freilich nicht zu Unrecht.} (73.
Rd5 Rh8 $1 $11 {[%cal Rh8h4]}) 1/2-1/2

[Event "RUS-chT 06th"]
[Site "St Petersburg"]
[Date "1999.05.23"]
[Round "8"]
[White "Fedulov, Alexander"]
[Black "Solovjov, Sergey"]
[Result "1-0"]
[WhiteElo "2390"]
[BlackElo "2447"]
[Annotator "Hecht,H"]
[PlyCount "103"]
[EventDate "1999.05.16"]
[EventType "team-tourn"]
[EventRounds "9"]
[EventCountry "RUS"]
[SourceTitle "EXT 2020"]
[Source "ChessBase"]
[SourceDate "2019.10.17"]
[SourceVersion "1"]
[SourceVersionDate "2019.10.17"]
[SourceQuality "1"]
[WhiteTeam "Smolensk TsEM"]
[BlackTeam "Murmansk OShK"]
[WhiteTeamCountry "RUS"]
[BlackTeamCountry "RUS"]

1. e4 c5 2. Nf3 d6 3. c3 Nf6 4. Be2 Nbd7 5. d3 b6 6. Nbd2 Bb7 7. O-O g6 8. Re1
Bg7 9. Bf1 e5 10. Nc4 Qc7 11. d4 Rd8 12. dxe5 Nxe5 13. Nfxe5 dxe5 14. Qc2 O-O
15. Bg5 Rd7 16. f3 h6 17. Bh4 Rfd8 18. Rad1 b5 19. Ne3 c4 20. a4 a6 21. axb5
axb5 22. Rxd7 Rxd7 23. b3 cxb3 24. Qxb3 Bc6 25. Bxb5 Bxb5 26. Qxb5 Qxc3 27. Nd5
Qd2 28. Rf1 g5 29. Be1 Rxd5 30. exd5 Qxd5 31. Qxd5 Nxd5 32. Bf2 Kh7 33. Rd1 Nc3
34. Rd7 Kg6 35. Rd6+ Kh7 36. Be1 Ne2+ 37. Kf2 Nf4 38. Bc3 h5 39. g3 Ne6 40. Ke3
g4 41. fxg4 hxg4 42. Ke4 Ng5+ 43. Kf5 Nf3 44. Rd1 Kh6 45. Rh1 Nd4+ 46. Bxd4
exd4 {[#] Mattangriff durch Umgehung gegen den am Rand eingeklemmten schwarzen
König. Taktik!} 47. Rb1 {Genau! Zuerst wird der schwarze König zurückgedrängt
und dabei der Turm besser gestellt, ehe g4 genommen wird.} (47. h3 Bf8 48.
hxg4+ Kg7 49. g5 Bc5 50. Rc1 Ba7 51. Rc6 Kh7 52. g6+ fxg6+ 53. Rxg6 $18 {
ist ebenfalls deutlich}) (47. Kxg4 Kg6 48. Rf1 Be5 {dieses Abspiel ist im
Gewinnsinne viel mühsamer}) 47... Kh5 {Schwarz hat Sinn für Humor! Ein Bauer
geht sowieso verloren - soll doch der König auch gleich verrecken.} 48. Rb7 Bh6
49. Rxf7 d3 50. Rd7 d2 51. Kf6 $1 {Das Unheil kommt nicht von der h-Linie
sondern von der 5. Reihe, wie} (51. Rd4 Bg5 {beweist}) 51... Be3 52. Kg7 (52.
Kg7 Bh6+ 53. Kh7 Be3 54. Rd5+ Bg5 55. Kg7 $22 $18) 1-0

[Event "Mitropa Cup 21st"]
[Site "Leipzig"]
[Date "2002.05.07"]
[Round "5.4"]
[White "Pilaj, Herwig"]
[Black "Manik, Mikulas"]
[Result "1/2-1/2"]
[WhiteElo "2310"]
[BlackElo "2410"]
[Annotator "Hecht,H"]
[PlyCount "140"]
[EventDate "2002.05.03"]
[EventType "team-tourn"]
[EventRounds "9"]
[EventCountry "GER"]
[SourceTitle "CBM 089"]
[Source "ChessBase"]
[SourceDate "2002.08.12"]
[SourceVersion "1"]
[SourceVersionDate "2002.08.12"]
[SourceQuality "1"]
[WhiteTeam "Austria"]
[BlackTeam "Slovakia"]
[WhiteTeamCountry "AUT"]
[BlackTeamCountry "SVK"]

1. e4 c5 2. Nf3 d6 3. c3 Nf6 4. Be2 g6 5. O-O Bg7 6. Bb5+ Nbd7 7. Re1 O-O 8. d4
a6 9. Bf1 e5 10. dxe5 dxe5 11. a4 Qc7 12. Na3 b6 13. Nc4 Bb7 14. Qd6 Qd8 15.
Bg5 Bxe4 16. Nfxe5 Nxe5 17. Qxd8 Rfxd8 18. Nxe5 Bd5 19. Nc4 Rab8 20. Bf4 Rb7
21. Ne3 Ra8 22. Nxd5 Nxd5 23. Be5 Bxe5 24. Rxe5 Nf6 25. Rd1 Kg7 26. g3 Raa7 27.
Rd8 Rd7 28. Rxd7 Nxd7 29. Re8 h5 30. h4 Nf6 31. Rb8 Nd7 32. Re8 Nf6 33. Rb8 Nd7
34. Rd8 Ne5 35. Rd6 b5 36. f4 Ng4 37. axb5 axb5 38. Bxb5 Ra1+ 39. Kg2 Rd1 40.
Rxd1 Ne3+ 41. Kf3 Nxd1 42. Ke2 Nxb2 43. Kd2 c4 44. Kc2 Nd3 45. Bxc4 Nc5 {
Guter Läufer gegen stützpunktlosen Springer.} 46. Bd5 Kf6 47. Kd2 Kf5 48. Bf3
f6 49. Ke3 g5 50. fxg5 fxg5 51. Bxh5 gxh4 52. gxh4 {Technisches Problem wegen
der falschen Läuferfarbe in Bezug auf den Randbauer, der immerhin den
schwarzen König bindet.} Ke5 53. Bf3 Na4 54. c4 Nc5 55. h5 Kf6 56. Bd1 Kg5 57.
Kd4 Na6 58. Ke5 Kh6 59. Kd6 Kg5 60. Be2 (60. Ba4 Kxh5 61. Bb5 Nb4 62. c5 Kg6
63. Ke5 Kf7 64. Kd4 Ke6 $11) (60. Bg4 Kh6 61. Bc8 Nb4 62. c5 Kxh5 63. Bf5 Kg5
64. Ke5 Nc6+ $11) 60... Kh6 61. Kc6 Kg5 62. Kb6 Nb4 63. c5 Nc2 64. Kb5 (64. c6
$2 Nb4 65. c7 Nd5+ $11) (64. Bd1 Nd4 65. Ka5 Nc6+ 66. Kb5 Ne5 {oder Se7 und es
bleibt schwierig. Analyse!}) 64... Nd4+ 65. Kc4 Nxe2 (65... Nc6 66. Bf3 Na5+ (
66... Na7 67. Bb7 Kxh5 68. Kb4 Kg5 69. Ka5 Kf5 70. Kb6 $18) (66... Nb8 67. Kb5
Nd7 68. c6 Nf6 69. Kc5 Ne8 70. Kd5 Nc7+ 71. Kd6 Nb5+ 72. Kd7 Na7 73. c7 Kh6 74.
Be2 Kg5 75. Ba6 Kxh5 76. Kd6 Kg5 77. Kc5 Kf6 78. Kb6 $18) 67. Kb4 $18) 66. c6
Ng3 $1 67. Kd5 Nf5 {[%csl Rc6][%cal Gf5e7,Gf5d4]} 68. Ke5 Ne7 69. c7 Kxh5 70.
Ke6 Nc8 1/2-1/2